LDR 00719naa#a2200193#i#450# 001 EN\\bibl\20224 005 20260702075820.4 100 ## _a20260630b2026####ek#y0engy0150####ca 102 ## _aRU 200 1# _aMODELLING IN MEDICINE: HOW VIRTUAL TECHNOLOGIES SAVE REAL LIVES _eConference article/thesis 210 1# _aVoronezh _cFSBE Institution of Higher Education Voronezh State University of Forestry and Technologies named after G.F. Morozov _d2026 215 ## _a6 с. 608 ## _aConference article/thesis _2local 675 ## _aКомпьютерное моделирование. 004.94 _z 700 #1 _aMishushina _gE. O. 700 #1 _aZalenskaya _gN. Yu. 700 #1 _aBenamri _gI. 700 #1 _aAbotchie _gDzh. V. 856 4# _abibl.vgltu.ru _u